Akta dyktatora: Fidel Castro - Statystyki

Ogólne statystyki
  • Ten quiz został rozwiązany 639 razy
  • Średni wynik to 9 z 20
Statystyki odpowiedzi
Pytanie Odpowiedź % Poprawnych
Które państwo wspierało finansowo Kubę do 1991 roku? Związek Radziecki
88%
Gdzie dokonano inwazji sponsorowanej przez USA w 1961 r. w celu obalenia Castro? Zatoka {Świń}
80%
Który słynny argentyński rewolucjonista walczył u boku Castro? Ernesto Guevara
79%
Jakie wydarzenie z 1962 roku niemal wywołało III wojnę światową? {Kryzys} kubański
78%
Jakiej partii przewodniczył? Komunistyczna Partia Kuby
64%
Do której byłej portugalskiej kolonii w Afryce Kuba wysłała 18 000 żołnierzy w 1975 roku? Angola
62%
Kto był ulubionym pisarzem Castro? (Podpowiedź: Amerykanin, który spędził czas na Kubie) Ernest Hemingway
52%
Jak nazywa się jego brat? {Raúl} Castro
50%
Z którym wenezuelskim przywódcą Castro nawiązał bliską przyjaźń? Hugo Chávez
41%
Jaki sport uprawiał Castro? Baseball
40%
Rządząc przez 50 lat, Castro miał najdłuższe panowanie spośród wszystkich głów państw niebędących __________ w historii świata. Monarchami
40%
Jakiego dyktatora obalił w 1959? Fulgencio Batista
39%
Który kanadyjski przywódca wylewnie chwalił Castro po jego śmierci w 2016 roku? Justin Trudeau
39%
Podobno CIA kiedyś rozważała zabicie Castro przy użyciu wybuchającego ____. Cygara
36%
Jaką chorobę udało się powstrzymać na Kubie, umieszczając ludzi z pozytywnym wynikiem testu w obozach? AIDS
33%
Do jakiego ruchu przyłączyła się Kuba, a nawet jej przewodniczyła, pomimo ścisłego sojuszu z wyżej wymienionym państwem? Ruch Państw {Niezaangażowanych}
26%
Która firma produkująca rum uciekła z Kuby po znacjonalizowaniu jej majątku w 1960 roku? Bacardi
23%
W którym mieście znajdują koszary Moncada, które Castro zaatakował w 1953 roku? Santiago de Cuba
16%
Jakie przemówienie wygłosił Castro w sądzie, broniąc swoich działań w powyższym ataku? Historia mnie {uniewinni}.
12%
Z którego portu Kuba wysłała 125 000 uchodźców, dysydentów, przestępców, pacjentów azylu i homoseksualistów do USA w 1980 roku? Mariel
7%
Nie znaleziono quizów pasujących do podanych kryteriów
Rozkład punktacji
Procent ludzi z każdym wynikiem
Percentyl według liczby udzielonych odpowiedzi
Twoja historia wyników
Nie rozwiązałeś tego quizu